00301nam a2200121Ia 4500008004100000041000800041082001200049100002400061245002100085260003300106300002900139365001100168240624s9999 xx 000 0 und d aeng a828 UPA aUPADHYAYA RAJNIKANT aLEARN MEDITATION c2006aNew DelhibLotus Press av, : 133 : p. : cm. ; 23 cRSb25